LEADER 02927oam 2200589 450 001 9910137464103321 005 20230621135339.0 010 $a2-8218-1470-4 010 $a2-7226-0098-6 024 7 $a10.4000/books.cdf.191 035 $a(CKB)3170000000061028 035 $a(SSID)ssj0001541758 035 $a(PQKBManifestationID)11802994 035 $a(PQKBTitleCode)TC0001541758 035 $a(PQKBWorkID)11535624 035 $a(PQKB)11589935 035 $a(WaSeSS)IndRDA00056487 035 $a(FrMaCLE)OB-cdf-191 035 $a(oapen)https://directory.doabooks.org/handle/20.500.12854/54289 035 $a(PPN)267951019 035 $a(EXLCZ)993170000000061028 100 $a20160829d2010 uy 0 101 0 $afre 135 $aur||#|||||||| 181 $ctxt$2rdacontent 182 $cc$2rdamedia 183 $acr$2rdacarrier 200 14$aLes nanotechnologies peuvent-elles contribuer à traiter des maladies sévères /$fPatrick Couvreur 210 $cCollège de France$d2010 210 31$aFrance :$cCollège de France Fayard,$d2010 215 $a1 online resource (60 pages) $cdigital file(s) 225 1 $aLec?ons inaugurales ;$v211 300 $aBibliographic Level Mode of Issuance: Monograph 311 08$aPrint version: 9782213654928 330 $aInaugural lecture delivered on January 21, 2010, Chair of Technological Innovation Liliane Bettencourt (2009-2010). The design of nanotechnologies capable of transporting drugs in the body and releasing them in a specific manner at the level of the site of action makes it possible to increase the therapeutic activity and to reduce the toxicity of many drugs. These ?nanovectors? are capable of protecting the active molecule from degradation by the enzymes of the organism, of targeting it selectively towards the target tissue or cell, and of controlling its release. More specific than traditional pharmaceutical formulations, ?nanomedicines? make it possible to design new therapeutic strategies in the fight against severe diseases: cancers, intracellular infections, metabolic or neurodegenerative diseases, etc. The Chair of Technological Innovation at the Collège de France was created with the support of the Bettencourt-Schueller Foundation. 410 0$aLec?ons inaugurales du Colle?ge de France ;$v211. 606 $aHealth & Biological Sciences$2HILCC 606 $aBiomedical Engineering$2HILCC 610 $ainnovation technologique 610 $amédecine 610 $ananotechnologies 610 $apharmacotechnie 610 $ananomédicament 615 7$aHealth & Biological Sciences 615 7$aBiomedical Engineering 700 $aCouvreur$b Patrick$0802328 801 0$bPQKB 801 2$bUkMaJRU 906 $aBOOK 912 $a9910137464103321 996 $aNanotechnologies peuvent-elles contribuer à traiter des maladies sévères $91803635 997 $aUNINA LEADER 03752nam 2200997Ia 450 001 9910780639703321 005 20230721023710.0 010 $a1-282-36052-3 010 $a9786612360527 010 $a0-520-94156-X 024 7 $a10.1525/9780520941564 035 $a(CKB)2430000000010962 035 $a(EBL)837182 035 $a(OCoLC)773564900 035 $a(SSID)ssj0000349380 035 $a(PQKBManifestationID)11273590 035 $a(PQKBTitleCode)TC0000349380 035 $a(PQKBWorkID)10348533 035 $a(PQKB)10512745 035 $a(MiAaPQ)EBC837182 035 $a(DE-B1597)519577 035 $a(OCoLC)1100898168 035 $a(DE-B1597)9780520941564 035 $a(Au-PeEL)EBL837182 035 $a(CaPaEBR)ebr10675817 035 $a(CaONFJC)MIL236052 035 $a(EXLCZ)992430000000010962 100 $a20070914d2008 uy 0 101 0 $aeng 135 $aur|n|---||||| 181 $ctxt 182 $cc 183 $acr 200 10$aOurs$b[electronic resource] /$fCole Swensen 210 $aBerkeley $cUniversity of California Press$dc2008 215 $a1 online resource (114 p.) 225 0 $aNew California poetry 300 $aDescription based upon print version of record. 311 $a0-520-25464-3 311 $a0-520-25463-5 327 $tFrontmatter -- $tContents -- $tACKNOWLEDGMENTS -- $tINTRODUCTION -- $tHISTORY -- $tPRINCIPLES -- $tVAUX-LE-VICOMTE -- $tOTHER GARDENS -- $tTHE MEDICIS -- $tVERSAILLES -- $tSTATUARY -- $tORANGERIES -- $t"YOU ARE A HAPPY MAN, LE NÔTRE" 330 $aThese poems are about gardens, particularly the seventeenth-century French baroque gardens designed by the father of the form, André Le Nôtre. While the poems focus on such examples as Versailles, which Le Nôtre created for Louis XIV, they also explore the garden as metaphor. Using the imagery of the garden, Cole Swensen considers everything from human society to the formal structure of poetry. She looks in particular at the concept of public versus private property, asking who actually owns a garden? A gentle irony accompanies the question because in French, the phrase "le nôtre" means "ours." Whereas all of Le Nôtre's gardens were designed and built for the aristocracy, today most are public parks. Swensen probes the two senses of "le nôtre" to discover where they intersect, overlap, or blur. 410 0$aNew California Poetry 606 $aGardens$vPoetry 606 $aGardens, French$vPoetry 610 $a17th century french baroque gardens. 610 $a17th century french culture. 610 $a21st century american literature. 610 $a21st century american poetry. 610 $aamerican literature. 610 $aamerican poetry. 610 $aandre le norte. 610 $aaristocracy. 610 $abeauty. 610 $acollective ownership. 610 $adiscussion books. 610 $aengaging. 610 $aflora and fauna. 610 $aflowers. 610 $aformal structure of poetry. 610 $agardens. 610 $ahuman society. 610 $aimagery. 610 $ale norte. 610 $alouis xiv. 610 $anew california poetry series. 610 $anobility. 610 $apage turner. 610 $apoems. 610 $apoetry. 610 $aproperty. 610 $apublic parks. 610 $apublic vs private. 610 $aroyalty. 610 $aversailles. 615 0$aGardens 615 0$aGardens, French 676 $a811/.54 700 $aSwensen$b Cole$f1955-$01484131 801 0$bMiAaPQ 801 1$bMiAaPQ 801 2$bMiAaPQ 906 $aBOOK 912 $a9910780639703321 996 $aOurs$93733263 997 $aUNINA